Statistiques concernant quiz personnages harry potter

Cliquez ici pour prendre le quiz!

Statistiques générales

  • Ce quiz a été pris 80 fois
  • Le résultat moyen est 109 sur 176

Statistiques - réponses

RéponseHint% Correct
AlbusDumbledore
92%
RonWeasley
91%
DragoMalefoy
89%
HarryPotter
89%
HermioneGranger
89%
SiriusBlack
88%
DudleyDursley
86%
GinnyWeasley
86%
SeverusRogue
86%
BellatrixLestrange
85%
BillWeasley
85%
GeorgeWeasley
85%
LilyPotter
85%
LuciusMalefoy
85%
ArthurWeasley
83%
CedricDiggory
83%
FredWeasley
83%
JamesPotter
83%
PercyWeasley
83%
VernonDursley
83%
FleurDelacour
82%
LunaLovegood
82%
MollyWeasley
82%
PetuniaDursley
82%
RemusLupin
82%
RubeusHagrid
82%
TomJedusor
82%
CharlieWeasley
80%
ChoChang
80%
MinervaMcgonagall
80%
NevilleLondubat
80%
NymphadoraTonks
80%
AlastorMaugrey
79%
GodricGryffondor
79%
HannahAbbot
79%
HelgaPoufsouffle
79%
PeterPetitgrow
79%
RowenaSerdaigle
79%
DeanThomas
77%
DoloresOmbrage
77%
IgorKarkaroff
77%
KatieBell
77%
RitaSkeeter
77%
SalazarSerpentard
77%
SibylleTrelawney
77%
ViktorKrum
77%
AbelforthDumbledore
76%
ArgusRusard
76%
CorneliusFudge
76%
MargeDursley
76%
NarcissaMalefoy
76%
PadmaPatil
76%
ParvatiPatil
76%
FiliusFlitwick
74%
HoraceSlughorn
74%
SeamusFinnigan
74%
VincentCrabbe
74%
Albus SeverusPotter
73%
AmosDiggory
73%
ColinCrivey
73%
GilderoyLockhart
73%
LeeJordan
73%
RegulusBlack
73%
TedTonks
73%
XenophiliusLovegood
73%
ArianaDumbledore
71%
GabrielleDelacour
71%
OlympeMaxime
71%
PomonaChourave
71%
RoseWeasley
71%
BathildaTourdesac
70%
OlivierDubois
70%
AntoninDolohov
68%
BlaiseZabini
68%
CormacMclaggen
68%
ErnieMacmillan
68%
GregoryGoyle
68%
KingsleyShakelbot
68%
PansyParkinson
68%
StanRocade
68%
AliceLondubat
67%
AngelinaJonshon
67%
FenrirGreyback
67%
FranckBryce
67%
FrankLondubat
67%
GellertGrindelwald
67%
HelenaSerdaigle
67%
IgnotusPeverell
67%
James SiriusPotter
67%
PénélopeDeauclaire
67%
HugoWeasley
65%
Lily LunaPotter
65%
QuirinusQuirrell
65%
TeddyLupin
65%
DennisCrivey
64%
GarrickOllivander
64%
LavandeBrown
64%
PoppyPomfresh
64%
ScorpiusMalefoy
64%
AugustaLondubat
62%
MeropeGaunt
62%
RufusScrimgeour
62%
AmycusCarrow
61%
BartemiusCroupton
61%
MarcusBelby | Flint
61%
MondingusFletcher
61%
AlectoCarrow
59%
AliciaSpinnet
59%
Justinfinch-fletchey
59%
AndromedaTonks
58%
ArabellaFiggs
58%
AuroraSinistra
58%
MafaldaHopkrik
58%
PercevalDumbledore
58%
RodolphusLestrange
58%
RomildaVane
58%
CharityBurbage
56%
SusanBones
56%
KendraDumbledore
55%
MarvoloGaunt
55%
AstoriaGreengrass
53%
ElphiasDoge
53%
GideonPrewett
53%
LudovicVerpey
53%
FabianPrewett
52%
CadmusPeverell
50%
EileenPrince
50%
MilicentBulstrode
50%
MorfinGaunt
50%
IrmaPince
48%
DedalusDiggle
47%
AnthonyGoldstein
45%
AntiochePeverell
45%
DominiqueWeasley
45%
LouisWeasley
45%
MichaelCorner
45%
RoxanneWeasley
45%
ZachariasSmith
45%
OrionBlack
44%
TobiasRogue
44%
VictoireWeasley
44%
PiusThicknesse
42%
RogerDavies
42%
AugustusRokwood
41%
LucyWeasley
41%
Molly JuniorWeasley
41%
MurielWeasley
41%
RabastanLestrange
41%
RolandaBibine
41%
WilhelminaGobe-Planche
41%
AméliaBones
39%
Fred juniorWeasley
39%
PiersPolkiss
39%
TerryBoot
39%
BiliusWeasley
38%
WalburgaBlack
36%
DaphnéeGreengrass
33%
EmmelineVance
33%
SeptimaVector
33%
HepzibahSmith
32%
Phineas NigellusBlack
32%
AdrianPucey
29%
DirkCresswell
26%
EloïseMigden
26%
WaldenMacnair
26%
HestiaJones
24%
SturgisPodmord
23%
JackSloper
20%
ThorfinnRowle
17%
GwenogJones
15%
AndrewKirke
14%
WilbertEskivdur
14%
ArmandotDippet
5%
CurthbertBinns
5%

Distribution des résultats

Percentile par nombre de réponses

% des personnes avec chaque résultat

Votre développement - résultats

Vous n’avez pas pris ce quiz